🎶 Paroles "Les boys bandent" MC Solaar - Statistiques

Statistiques générales
  • Ce quiz a été pris 8 fois
  • Le résultat moyen est 227 sur 319
Statistiques - réponses
Mots % Correct
à
100%
a
100%
ai
100%
Arena'
100%
band
100%
bic,
100%
boys
100%
Boys
100%
'Boys,
100%
boys,
100%
boys',
100%
c'
100%
C'
100%
ça
100%
d'
100%
dans
100%
Dans
100%
de
100%
des
100%
elle
100%
Elle
100%
en
100%
est
100%
Et
100%
et
100%
Il
100%
il
100%
in
100%
j'
100%
Je
100%
l'
100%
LaarSo-
100%
le
100%
Le
100%
Les
100%
les
100%
Luis
100%
m'
100%
ma
100%
Mariano
100%
me
100%
Mon
100%
mon
100%
n'
100%
on
100%
par
100%
pas
100%
pas,
100%
Pierre
100%
plus
100%
pour
100%
qu'
100%
Quand
100%
que
100%
Sabrina
100%
Si
100%
si
100%
son
100%
Staline
100%
'Step
100%
style
100%
suis
100%
Tang
100%
te
100%
the
100%
un
100%
Un
100%
une
100%
vibe
100%
aime
80%
avait
80%
Bandent...
80%
bandent
80%
Bandent ...
80%
bonne
80%
ce
80%
comme
80%
donc
80%
Donc
80%
était
80%
filles
80%
free
80%
la
80%
La
80%
Mais
80%
mais
80%
Moi
80%
moi
80%
monde
80%
monde,
80%
ne
80%
nous
80%
ta
80%
tous
80%
tout
80%
Tu
80%
vie
80%
Y
80%
ainsi
60%
aux
60%
Entre
60%
être
60%
faire
60%
fais
60%
faite,
60%
faut
60%
Faut
60%
histoire,
60%
livre
60%
musique
60%
peut-
60%
plaît
60%
puis
60%
sommes
60%
trop
60%
va
60%
Après
40%
autre
40%
bikini
40%
casting
40%
chantait
40%
crois
40%
demande
40%
Donnes-
40%
étaient :
40%
étais
40%
herbe,
40%
même
40%
mots,
40%
mots
40%
non
40%
papier-
40%
part
40%
peux
40%
piscine
40%
plage
40%
plein
40%
sais
40%
sais,
40%
tempo
40%
trois
40%
vient
40%
abdos,
20%
aguerri
20%
antigang
20%
antistatique
20%
atout
20%
axe,
20%
bassine,
20%
Bis
20%
bouffe
20%
Cadavre
20%
Changement
20%
Cherche
20%
choisis
20%
chose
20%
clip
20%
constater
20%
coulisses
20%
croire
20%
délit
20%
devance
20%
digne,
20%
diluer
20%
dix
20%
donnait
20%
droit,
20%
écoutais
20%
enlève
20%
été,
20%
évite
20%
exquis
20%
fier
20%
force
20%
guérit
20%
guerrier
20%
hamster
20%
haut,
20%
immensité
20%
infini
20%
Laisses-
20%
maux
20%
métamorphose
20%
microphone
20%
minots
20%
minutes
20%
morceau
20%
nage !
20%
parlons
20%
peint
20%
peur
20%
physique,
20%
point
20%
poster
20%
poudre
20%
Préparation
20%
prépare
20%
pression
20%
prestation
20%
principal
20%
pure
20%
ramène
20%
réfléchis
20%
réflexion,
20%
remplaçait
20%
riquiqui
20%
stratégique,
20%
Style
20%
thème
20%
thérapie
20%
univers
20%
vas
20%
verbe
20%
vite
20%
baigne
0%
Aucun quiz correspondant
Distribution des résultats
% des personnes avec chaque résultat
Percentile par nombre de réponses
Votre historique - résultats
Vous n’avez pas pris ce quiz